Cotidianas : (Registro nro. 157565)

Detalles MARC
000 -CABECERA
campo de control de longitud fija 00562nam a2200205 u 4500
005 - FECHA Y HORA DE LA ÚLTIMA TRANSACCIÓN
campo de control 20220826112816.0
008 - ELEMENTOS DE LONGITUD FIJA--INFORMACIÓN GENERAL
campo de control de longitud fija 120626s2010 r 000 0 eng d
020 ## - NÚMERO INTERNACIONAL NORMALIZADO PARA LIBROS
Número Internacional Estándar del Libro 9786071104380
035 ## - NÚMERO DE CONTROL DEL SISTEMA
Número de control de sistema UPN01000185462
049 ## - COLECCIÓN
Colección CG
050 #4 - SIGNATURA TOPOGRÁFICA DE LA BIBLIOTECA DEL CONGRESO
Número de clasificación PQ8519 B4
Número de documento/Ítem C6.7a
100 1# - ASIENTO PRINCIPAL--NOMBRE PERSONAL
Nombre de persona Benedetti, Mario,
Fechas asociadas al nombre 1920-2009
245 10 - MENCIÓN DE TÍTULO
Título Cotidianas :
Resto del título (1978-1979) /
Mención de responsabilidad, etc. Mario Benedetti.
260 ## - PUBLICACIÓN, DISTRIBUCIÓN, ETC.
Lugar de publicación, distribución, etc. México :
Nombre del editor, distribuidor, etc. Punto de Lectura,
Fecha de publicación, distribución, etc. 2010.
300 ## - DESCRIPCIÓN FÍSICA
Extensión 139 p.
440 #0 - MENCIÓN DE SERIE/ASIENTO SECUNDARIO--TÍTULO
Título Punto de lectura ;
Designación de volumen o secuencia 48.15
650 #7 - ASIENTO SECUNDARIO DE MATERIA - TERMINO TEMATICO
Término de materia o nombre geográfico como elemento de entrada Poesía uruguaya
Fuente del encabezamiento o término
9 (RLIN) 1317
905 ## - TIPO DE MATERIAL
Tipo de material Libro
Existencias
Estado de retiro Estado de pérdida Fuente del sistema de clasificación o colocación Estado dañado No para préstamo Código de colección Localización permanente Ubicación/localización actual Ubicación en estantería Total de préstamos Clasificación Código de barras Fecha visto por última vez Número de copia Tipo de ítem Koha Fecha de adquisición Fecha del último préstamo
    Library of Congress Classification     Colección General Bib. Gregorio Torres Quintero Bib. Gregorio Torres Quintero Planta baja 2 PQ8519 B4 C6.7a 283662 31/12/2020 1 Libro    
    Library of Congress Classification     Colección General Bib. Gregorio Torres Quintero Bib. Gregorio Torres Quintero Planta baja 4 PQ8519 B4 C6.7a 290834 10/03/2023 1 Libro 24/02/2023 10/03/2023